000 00804nam a2200289Ia 4500
001 A6314
003 IT-RoPAU
008 130308s9999 xx 000 0 und d
040 _aIT-RoPAU
040 _cIT-RoPAU
041 _aITALIANO
100 _aCaprettini Gianpaolo
100 _gCodice Aut. SPICS: 11221
245 _aRitualità e comunicazione nel marketing
245 _bStrategie di Immagine-2-Quaderni di ricerche Semiotiche
250 _a1a ed.
260 _aTORINO
260 _bCentro Scientifico Torinese
260 _c1987 [1° Ed.:1987 - Ed.Ling.Originale:1987]
300 _a"5 p. (prefazione: no ; testo: 5 [pagine: 123-127])"
650 _aSAGGI DI SEMIOLOGIA
650 _eCodice materia Spics: 3257
942 _cBK
957 _71
999 _c41599
_d41599
999 _bSI
999 _g1